000 00208nam a22000857a 4500
999 _c11009
_d11009
008 180719b ||||| |||| 00| 0 eng d
100 _aKipling
_96799
245 _aJungle Book
260 _aNew Delhi
_bCampfire
_c2016